000 01078na a2200325 4500
001 13042
003 MIRAKIL
005 20181213155123.0
008 160930b tu 000 0
020 _a97539555219
035 _a13042
040 _aMilas
_btur
_cTR-AnCHP
041 _atur
082 _a333.792417
_bK95d 2002
090 _a333.792417 K95d 2002
100 _aKünar, Arif
245 _aDon Kişot'lar Akkuyu'ya karşı
_bAnti-nükleer hikayeler
_cArif Künar
246 _aAntinükleer hikayeler
246 _aDon Kişotlar Akkuyuya karşı
246 _aAnti-nükleer hikayeler
260 _aAnkara
_bTMMOB
_c2002
300 _a257 s.
_bres.
_c22 sm.
610 _aAkkuyu Nükleer
_xEtki değerlendirmesi
_yEleştiriler
_zTürkiye
650 _aNükleer kuyular
_xKarşı eylemler
_zTürkiye
650 _aNükleer reaktörler
_xTartışmalar
_zTürkiye
650 _aÇevre kirliliği
_xRadyasyon
_yEleştiriler
_zTürkiye
651 _aTürkiye
_xNükleer enerji politikaları
657 _aNükleer enerji politikaları
_zTürkiye
942 _2dcc
_cBKS
999 _c6915
_d6915